| 000 | 00805nam a2200217Ia 4500 | ||
|---|---|---|---|
| 999 |
_c41630 _d41630 |
||
| 001 | 8299 | ||
| 003 | GE_BSU | ||
| 005 | 20210203141654.0 | ||
| 008 | 181216s2011||||ge |||||||||||||| ||geo|| | ||
| 020 | _a9789941424359 | ||
| 040 | _cGE_BSU | ||
| 041 | _ageo | ||
| 080 | _a159.9(075) ფ–96 | ||
| 245 |
_aფსიქოლოგიის საფუძვლები / _cშემდგ. ი. იმედაძე; რედ. ზ.ვახანია. |
||
| 264 |
_aთბილისი : _bმწიგნობარი, _c2011. |
||
| 300 |
_a422 გვ. _b20 სმ. |
||
| 653 | _aფსიქოლოგია | ||
| 700 |
_aიმედაძე, ი. _eშემდგენელი _910090 |
||
| 700 |
_aვახანია, ზ. _eრედაქტორი _910091 |
||
| 942 |
_cBK _2udc |
||